000 00334nam a2200133Ia 4500
008 240624s9999 xx 000 0 und d
041 _aeng
082 _a330 MIL
100 _aMILL ALFRED
245 _aECONOMICS 101 FROM CONSUMER BEHAVIOR TO
260 _c2016
_aNew Delhi
_bAdams Media
300 _a288 p.; 17 cm.
365 _c
_b25
999 _c31882
_d31882